Statistics for Signers of the United States constitution

Click here to take the quiz!

General Stats

  • This quiz has been taken 42 times
  • The average score is 5 of 38

Answer Stats

Signers% Correct
Benjamin Franklin
74%
James Madison
64%
Alexander Hamilton
46%
James Wilson
23%
John Hancock
23%
Daniel Carroll
18%
Gouverneur Morris
18%
Robert Morris
18%
William Samuel Johnson
18%
Charles Cotesworth Pinckney
15%
Charles Pinckney
15%
Rufus King
15%
George Read
13%
John Dickinson
10%
Nathaniel Gorham
10%
William Livingston
10%
Abraham Baldwin
8%
Gunning Bedford, Jr.
8%
John Rutledge
8%
Pierce Butler
8%
Thomas Mifflin
8%
William Paterson
8%
Daniel of St. Thomas Jenifer
5%
George Clymer
5%
Jacob Broom
5%
James McHenry
5%
Jared Ingersoll
5%
John Blair
5%
William Blount
5%
William Few
5%
Hugh Williamson
3%
John Langdon
3%
Jonathan Dayton
3%
Thomas FitzSimons
3%
David Brearly
0%
Nicholas Gilman
0%
Richard Bassett
0%
Richard Dobbs Spaight
0%

Score Distribution

Percentile by Number Answered

Percent of People with Each Score

Your Score History

You have not taken this quiz